[Event "FIDE Open Sachove Univerzity QCC"]
[Site "Ceske Budejovice"]
[Date "2020.07.03"]
[Round "3.1"]
[White "Chval, Petr"]
[Black "Rychlik, Zdenek"]
[Result "0-1"]
[WhiteElo "1926"]
[BlackElo "1701"]
[Annotator "ChessBase"]
[PlyCount "90"]
[EventDate "2020.07.01"]
[EventType "swiss"]
[EventCountry "CZE"]
[SourceTitle "playchess.com"]
[Source "ChessBase"]
[SourceQuality "1"]
[TimeControl "40/5400+30:1800+30"]

1. e4 {[%emt 0:00:00]} c5 {[%emt 0:01:10]} 2. Nf3 {[%emt 0:00:43]} g6 {[%emt 0:00:11]} 3. g3 {[%emt 0:04:24]} Bg7 {[%emt 0:00:11]} 4. Bg2 {[%emt 0:00:10]} Nc6 {[%emt 0:00:06]} 5. O-O {[%emt 0:00:21]} Nf6 {[%emt 0:04:48]} 6. Re1 {[%emt 0:04:10]} O-O {[%emt 0:02:38]} 7. Nc3 {[%emt 0:02:46]} d6 {[%emt 0:03:26]} 8. d3 {[%emt 0:03:14]} a6 {[%emt 0:01:57]} 9. Bg5 {[%emt 0:02:06]} h6 {[%emt 0:04:13]} 10. Bd2 {[%emt 0:00:36]} e5 {[%emt 0:06:55]} 11. Qc1 {[%emt 0:01:58]} Kh7 {[%emt 0:02:02]} 12. a4 {[%emt 0:01:18]} Be6 {[%emt 0:02:11]} 13. Nd1 {[%emt 0:12:11]} b5 {[%emt 0:05:35]} 14. Ne3 {[%emt 0:12:48]} Qd7 {[%emt 0:07:42]} 15. c4 {[%emt 0:03:39]} b4 {[%emt 0:07:36]} 16. Nd5 {[%emt 0:01:30]} Qd8 {[%emt 0:05:57]} 17. Be3 {[%emt 0:06:04]} a5 {[%emt 0:07:49]} 18. Qd1 {[%emt 0:04:11]} Rb8 {[%emt 0:04:35]} 19. b3 {[%emt 0:00:09]} Qd7 {[%emt 0:00:57]} 20. Ra2 {[%emt 0:01:55]} Ng4 {[%emt 0:01:09]} 21. Rf1 {[%emt 0:09:34]} f5 {[%emt 0:02:20]} 22. exf5 {[%emt 0:00:37]} Rxf5 {[%emt 0:02:29]} 23. Nh4 {[%emt 0:08:43]} Rf7 {[%emt 0:17:56]} 24. Bc1 {[%emt 0:09:34]} Ne7 {[%emt 0:02:28]} 25. Nxe7 {[%emt 0:01:30]} Rxe7 {[%emt 0:04:01]} 26. Be4 {[%emt 0:04:00]} Bf5 {[%emt 0:00:11]} 27. Nxf5 {[%emt 0:00:10]} gxf5 {[%emt 0:00:12]} 28. Bg2 {[%emt 0:00:06]} Rf8 {[%emt 0:00:17]} 29. h3 {[%emt 0:01:01]} Nf6 {[%emt 0:00:08]} 30. Rd2 {[%emt 0:00:58]} Qe8 {[%emt 0:00:21]} 31. Bb2 {[%emt 0:00:16]} Nd7 {[%emt 0:00:25]} 32. Qf3 {[%emt 0:01:48]} Qc8 {[%emt 0:00:51]} 33. Qd5 {[%emt 0:00:20]} Qc7 {[%emt 0:00:20]} 34. f4 {[%emt 0:01:13]} Nf6 {[%emt 0:00:11]} 35. Qf3 {[%emt 0:01:00]} e4 {[%emt 0:00:09]} 36. Qd1 {[%emt 0:00:16]} d5 {[%emt 0:00:24]} 37. cxd5 {[%emt 0:00:17]} Nxd5 {[%emt 0:00:02]} 38. Re1 {[%emt 0:01:44]} Nc3 {[%emt 0:00:43]} 39. Qc1 {[%emt 0:01:22]} e3 {[%emt 0:01:56]} 40. Rc2 {[%emt 0:00:12]} Qd6 {[%emt 0:01:20]} 41. Bxc3 {[%emt 0:02:13]} Bxc3 {[%emt 0:02:04]} 42. Rxc3 {[%emt 0:00:06]} bxc3 {[%emt 0:00:12]} 43. Qxc3 {[%emt 0:00:03]} Qd4 {[%emt 0:00:37]} 44. Qxa5 {[%emt 0:01:01]} Rg8 {[%emt 0:01:19]} 45. b4 {[%emt 0:01:21]} Qb2 {[%emt 0:02:43]} 0-1

[Event "FIDE Open Sachove Univerzity QCC"]
[Site "Ceske Budejovice"]
[Date "2020.07.03"]
[Round "3.2"]
[White "Svanda, Adam"]
[Black "Macho, Miloslav"]
[Result "1-0"]
[WhiteElo "1870"]
[BlackElo "1671"]
[Annotator "NA"]
[PlyCount "101"]
[EventDate "2020.07.01"]
[EventType "swiss"]
[EventCountry "CZE"]
[SourceTitle "playchess.com"]
[Source "ChessBase"]
[SourceQuality "1"]
[TimeControl "40/5400+30:1800+30"]

1. c4 {[%emt 0:00:00]} g6 {[%emt 0:01:23]} 2. g3 {[%emt 0:00:00]} Bg7 {[%emt 0:00:14]} 3. Bg2 {[%emt 0:00:04]} e5 {[%emt 0:01:50]} 4. Nc3 {[%emt 0:00:17]} Nc6 {[%emt 0:00:54]} 5. Nf3 {[%emt 0:00:23]} Nf6 {[%emt 0:00:34]} 6. O-O {[%emt 0:01:01]} O-O {[%emt 0:00:30]} 7. d3 {[%emt 0:01:39]} d6 {[%emt 0:01:04]} 8. Bg5 {[%emt 0:01:26]} h6 {[%emt 0:02:37]} 9. Bxf6 {[%emt 0:00:45]} Bxf6 {[%emt 0:00:20]} 10. Rb1 {[%emt 0:00:48]} Rb8 {[%emt 0:00:50] A26: English Opening vs King's Indian with ...Nc6 and d3.} 11. b4 {[%emt 0:00:15]} Bg4 {[%emt 0:02:03] [#]} 12. b5 $146 {[%emt 0:03:48]} ({Predecessor:} 12. Nd5 Bg7 13. b5 Nd4 14. e3 Nxf3+ 15. Bxf3 Bf5 16. Bg4 Bxg4 17. Qxg4 Kh7 18. Rb3 {½-½ (60) Zuelle,B (2112)-Sardy,P (2313) Eger 2004}) 12... Bxf3 {[%emt 0:01:19]} 13. Bxf3 {[%emt 0:00:19]} Nd4 {[%emt 0:01:56]} 14. Bg2 {[%emt 0:00:17]} Qc8 {[%emt 0:16:47]} 15. Nd5 {[%emt 0:13:18]} Kg7 {[%emt 0:02:03]} 16. Nxf6 {[%emt 0:04:29]} Kxf6 {[%emt 0:00:20]} 17. e3 {[%emt 0:00:38]} Ne6 {[%emt 0:02:34]} 18. f4 {[%emt 0:08:28]} exf4 {[%emt 0:04:58]} 19. d4 {[%emt 0:03:24]} Kg7 {[%emt 0:02:39]} 20. exf4 {[%emt 0:00:19]} Qd7 {[%emt 0:06:38]} 21. f5 {[%emt 0:05:40]} Ng5 {[%emt 0:03:57]} 22. Qg4 {[%emt 0:03:36]} f6 {[%emt 0:03:16]} 23. h4 {[%emt 0:00:52]} h5 {[%emt 0:00:14]} 24. Qf4 {[%emt 0:01:01]} Nh7 {[%emt 0:02:46]} 25. fxg6 {[%emt 0:01:00]} Kxg6 {[%emt 0:00:26]} 26. Be4+ {[%emt 0:00:58]} ({Weaker is} 26. b6 axb6 27. Bxb7 f5 $16) 26... f5 {[%emt 0:04:46]} 27. Bf3 {[%emt 0:05:59]} a6 {[%emt 0:07:44]} 28. a4 {[%emt 0:04:30]} axb5 {[%emt 0:01:26]} 29. axb5 {[%emt 0:00:09]} c6 {[%emt 0:00:38]} 30. Rfe1 $18 {[%emt 0:03:50]} Rfe8 {[%emt 0:03:25]} 31. Kf2 {[%emt 0:03:26]} Rxe1 {[%emt 0:01:20]} 32. Rxe1 {[%emt 0:02:34]} Ra8 {[%emt 0:00:58]} 33. d5 {[%emt 0:02:09]} Ra2+ {[%emt 0:00:18]} 34. Kf1 {[%emt 0:01:41]} cxb5 {[%emt 0:07:55]} 35. Re6+ {[%emt 0:01:03]} Kg7 {[%emt 0:01:38]} 36. Qxf5 {[%emt 0:02:08]} Qf7 {[%emt 0:02:23]} 37. Qxf7+ {[%emt 0:00:39]} Kxf7 {[%emt 0:00:02]} 38. Bxh5+ {[%emt 0:00:09]} Kg7 {[%emt 0:01:15]} 39. cxb5 {[%emt 0:00:13]} Nf6 {[%emt 0:01:03]} 40. Bf3 {[%emt 0:01:38]} Rb2 {[%emt 0:03:01]} 41. Re7+ {[%emt 0:30:20]} Kg6 {[%emt 0:30:32]} 42. Rxb7 {[%emt 0:00:33]} Kf5 {[%emt 0:00:45]} 43. b6 {[%emt 0:02:44]} Rb1+ {[%emt 0:03:52]} 44. Kg2 {[%emt 0:00:27]} Rb2+ {[%emt 0:00:05]} 45. Kh3 {[%emt 0:02:47]} Rb3 {[%emt 0:00:28]} 46. Bd1 {[%emt 0:00:17]} Rb5 {[%emt 0:01:49]} 47. Rb8 {[%emt 0:01:26]} Nxd5 {[%emt 0:01:05]} 48. b7 {[%emt 0:00:29]} Nf6 {[%emt 0:03:31]} 49. Bf3 {[%emt 0:00:37]} Rb3 {[%emt 0:00:25]} 50. Rf8 {[%emt 0:00:36]} Rxf3 {[%emt 0:01:08]} 51. b8=Q {[%emt 0:00:14]} 1-0

[Event "FIDE Open Sachove Univerzity QCC"]
[Site "Ceske Budejovice"]
[Date "2020.07.03"]
[Round "3.2"]
[White "Day, Sophia Olivia"]
[Black "Bastyr, Pavel"]
[Result "0-1"]
[WhiteElo "1099"]
[BlackElo "1439"]
[Annotator "NA RC"]
[PlyCount "130"]
[EventDate "2020.07.01"]
[EventType "swiss"]
[EventCountry "CZE"]
[SourceTitle "playchess.com"]
[Source "ChessBase"]
[SourceQuality "1"]
[TimeControl "40/5400+30:1800+30"]

1. e4 {[%emt 0:00:00]} c5 {[%emt 0:02:09]} 2. Nf3 {[%emt 0:00:05]} d6 {[%emt 0:00:05]} 3. d4 {[%emt 0:00:29]} Nf6 {[%emt 0:00:14]} 4. Nc3 {[%emt 0:00:55]} cxd4 {[%emt 0:00:05]} 5. Nxd4 {[%emt 0:00:15]} a6 {[%emt 0:00:07]} 6. Be2 {[%emt 0:00:52]} e6 {[%emt 0:00:05]} 7. O-O {[%emt 0:01:02]} Qc7 {[%emt 0:00:08]} 8. Be3 {[%emt 0:02:47]} Be7 {[%emt 0:00:17]} 9. f4 {[%emt 0:02:23]} O-O {[%emt 0:00:07]} 10. Rf3 {[%emt 0:04:23]} Nbd7 {[%emt 0:00:21]} 11. Qe1 {[%emt 0:02:13]} Nc5 {[%emt 0:00:51]} 12. Bd3 {[%emt 0:02:34]} Nxd3 {[%emt 0:00:12]} 13. cxd3 {[%emt 0:00:17]} b5 {[%emt 0:01:06]} 14. Rh3 {[%emt 0:01:44]} Bb7 {[%emt 0:00:19]} 15. f5 {[%emt 0:00:56]} e5 {[%emt 0:13:38]} 16. Nf3 {[%emt 0:06:32]} Ng4 {[%emt 0:12:44]} 17. Bd2 {[%emt 0:09:25]} Qc5+ {[%emt 0:03:07]} 18. Kf1 {[%emt 0:04:08]} b4 {[%emt 0:07:34]} 19. Nd1 {[%emt 0:02:57]} a5 {[%emt 0:03:40]} 20. Qg3 {[%emt 0:01:01]} Nf6 {[%emt 0:01:13]} 21. Qh4 {[%emt 0:01:40]} Ba6 {[%emt 0:02:35]} 22. Ne1 {[%emt 0:03:44]} d5 {[%emt 0:04:34]} 23. Bg5 {[%emt 0:01:18]} h6 {[%emt 0:16:06]} 24. Bxh6 {[%emt 0:03:09]} Nxe4 {[%emt 0:00:06]} 25. Qh5 {[%emt 0:01:53]} Nf6 {[%emt 0:18:47]} 26. Qg5 {[%emt 0:04:53]} Ne8 {[%emt 0:00:29]} 27. Qg4 {[%emt 0:00:35]} Qd4 {[%emt 0:01:41]} 28. Qg3 {[%emt 0:01:54]} Bc5 {[%emt 0:00:47]} 29. Nf2 {[%emt 0:04:23]} Qxb2 {[%emt 0:00:41]} 30. Rd1 {[%emt 0:04:03]} Qxf2+ {[%emt 0:00:13]} 31. Qxf2 {[%emt 0:00:23]} Bxf2 {[%emt 0:00:04]} 32. Kxf2 {[%emt 0:00:15]} gxh6 {[%emt 0:00:06]} 33. Rxh6 {[%emt 0:01:00]} Kg7 {[%emt 0:00:37]} 34. Rh5 {[%emt 0:00:53]} Nf6 {[%emt 0:00:16]} 35. Rh4 {[%emt 0:01:18]} Rh8 {[%emt 0:02:10]} 36. Nf3 {[%emt 0:01:38]} Rxh4 {[%emt 0:00:16]} 37. Nxh4 {[%emt 0:00:29]} Rh8 {[%emt 0:00:27]} 38. Nf3 {[%emt 0:00:54]} Ng4+ {[%emt 0:00:08]} 39. Kg3 {[%emt 0:00:27]} Ne3 {[%emt 0:00:39]} 40. Re1 {[%emt 0:00:22]} Nxf5+ {[%emt 0:00:16]} 41. Kg4 {[%emt 0:31:30]} Nh6+ {[%emt 0:30:35]} 42. Kg3 {[%emt 0:00:19]} f6 {[%emt 0:00:06]} 43. Rc1 {[%emt 0:00:57]} Rc8 {[%emt 0:00:38]} 44. Rd1 {[%emt 0:00:52]} Rc2 {[%emt 0:00:25]} 45. d4 {[%emt 0:00:30]} e4 {[%emt 0:02:42]} 46. Ne1 {[%emt 0:00:34]} Rxa2 {[%emt 0:00:08]} 47. Rc1 {[%emt 0:00:13]} Bc4 {[%emt 0:00:36]} 48. h4 {[%emt 0:01:04]} b3 {[%emt 0:00:26]} 49. Rb1 {[%emt 0:01:14]} b2 {[%emt 0:00:37]} 50. Nc2 {[%emt 0:00:36]} Bd3 {[%emt 0:00:11]} 51. Kf2 {[%emt 0:01:09]} Bxc2 {[%emt 0:00:19]} 52. Re1 {[%emt 0:00:29]} Ra1 {[%emt 0:00:09]} 53. Ke2 {[%emt 0:00:34]} Rxe1+ {[%emt 0:00:10]} 54. Kxe1 {[%emt 0:00:17]} b1=Q+ 55. Kf2 {[%emt 0:00:23]} Ng4+ {[%emt 0:00:16]} 56. Kg3 {[%emt 0:00:42]} f5 {[%emt 0:00:19]} 57. Kf4 {[%emt 0:00:38]} Qf1+ {[%emt 0:00:37]} 58. Kg5 {[%emt 0:00:09]} Qxg2 {[%emt 0:01:25]} 59. Kxf5 {[%emt 0:00:14]} e3+ {[%emt 0:00:08]} 60. Ke6 {[%emt 0:00:30]} e2 {[%emt 0:00:30]} 61. h5 {[%emt 0:00:18]} e1=Q+ {[%emt 0:00:54]} 62. Kd6 {[%emt 0:00:36]} Qb4+ {[%emt 0:00:21]} 63. Kc7 {[%emt 0:00:42]} Qg3+ {[%emt 0:00:21]} 64. Kd7 {[%emt 0:00:25]} Ba4+ {[%emt 0:00:09]} 65. Kd8 {[%emt 0:00:10]} Qgd6+ {[%emt 0:00:25]} 0-1

[Event "FIDE Open Sachove Univerzity QCC"]
[Site "Ceske Budejovice"]
[Date "2020.07.03"]
[Round "3.3"]
[White "Josko, Jiri"]
[Black "Titera, Libor"]
[Result "0-1"]
[WhiteElo "1649"]
[BlackElo "1843"]
[Annotator "NA"]
[PlyCount "50"]
[EventDate "2020.07.01"]
[EventType "swiss"]
[EventCountry "CZE"]
[SourceTitle "playchess.com"]
[Source "ChessBase"]
[SourceQuality "1"]
[TimeControl "40/5400+30:1800+30"]

1. d4 {[%emt 0:01:13]} c5 {[%emt 0:00:00]} 2. Nf3 {[%emt 0:03:08]} Nf6 {[%emt 0:00:56]} 3. c3 {[%emt 0:02:34]} cxd4 {[%emt 0:00:12]} 4. cxd4 {[%emt 0:01:30]} g6 {[%emt 0:01:38]} 5. Nc3 {[%emt 0:00:35]} d5 {[%emt 0:02:44]} 6. Bf4 {[%emt 0:05:33]} Bg7 {[%emt 0:02:36]} 7. e3 {[%emt 0:00:39]} O-O {[%emt 0:00:14]} 8. Bd3 {[%emt 0:01:06]} Bg4 {[%emt 0:04:21] D90: Grünfeld: 4 Nf3 Bg7 sidelines.} 9. Rc1 {[%emt 0:02:51] [#]} Qb6 $146 {[%emt 0:04:32]} ({Predecessor:} 9... Nh5 10. Bg5 Nc6 11. h3 Be6 12. g4 Nf6 13. Bxf6 exf6 14. Nh4 Re8 15. Kd2 Rc8 {0-1 (42) Gillet,N (1640)-Lehman,D (1770) Mont de Marsan 2006}) 10. O-O {[%emt 0:10:18]} Qxb2 {[%emt 0:04:56]} 11. Rc2 {[%emt 0:13:37]} Qb4 {[%emt 0:09:27]} 12. Nb5 {[%emt 0:06:55]} ({White should try} 12. Qd2 $14) 12... Nc6 {[%emt 0:02:59]} 13. a3 {[%emt 0:02:03]} Qa4 {[%emt 0:05:48]} 14. Qb1 {[%emt 0:05:12]} Bxf3 {[%emt 0:03:31]} 15. gxf3 {[%emt 0:00:38]} Rac8 {[%emt 0:04:25]} 16. Rfc1 {[%emt 0:05:24]} Nh5 {[%emt 0:13:12]} 17. Bg3 {[%emt 0:20:53]} Nxg3 {[%emt 0:00:11]} 18. fxg3 {[%emt 0:00:43]} Qa5 {[%emt 0:04:57]} 19. Rc5 {[%emt 0:01:37]} Qd2 $19 {[%emt 0:03:18]} 20. Re1 {[%emt 0:09:31]} Ne5 {[%emt 0:08:52]} 21. Re2 {[%emt 0:01:30]} Qxd3 {[%emt 0:00:32]} 22. Qxd3 {[%emt 0:01:18]} Nxd3 {[%emt 0:00:04]} 23. Rxd5 {[%emt 0:01:01]} a6 {[%emt 0:02:43]} 24. Na7 {[%emt 0:00:24]} Rc1+ {[%emt 0:02:31]} 25. Kg2 {[%emt 0:00:16]} Ra8 {[%emt 0:00:38]} 0-1

[Event "FIDE Open Sachove Univerzity QCC"]
[Site "Ceske Budejovice"]
[Date "2020.07.03"]
[Round "3.3"]
[White "Cipera, Josef"]
[Black "Krautschneider, Daniel Jan"]
[Result "1-0"]
[WhiteElo "1612"]
[BlackElo "1374"]
[Annotator "NA"]
[PlyCount "59"]
[EventDate "2020.07.01"]
[EventType "swiss"]
[EventCountry "CZE"]
[SourceTitle "playchess.com"]
[Source "ChessBase"]
[SourceQuality "1"]
[TimeControl "40/5400+30:1800+30"]

1. d4 {[%emt 0:00:00]} Nf6 {[%emt 0:00:00]} 2. Bf4 {[%emt 0:00:00]} g6 {[%emt 0:00:00]} 3. Nf3 {[%emt 0:00:00]} Bg7 {[%emt 0:00:00]} 4. e3 {[%emt 0:00:00]} d6 {[%emt 0:00:00]} 5. Bd3 {[%emt 0:00:22]} b6 {[%emt 0:00:12]} 6. O-O {[%emt 0:00:38]} Bb7 {[%emt 0:00:10]} 7. Nbd2 {[%emt 0:00:42]} Nbd7 {[%emt 0:00:08]} 8. c4 {[%emt 0:01:03]} c5 {[%emt 0:00:17]} 9. Rb1 {[%emt 0:01:14]} O-O {[%emt 0:00:41]} 10. d5 {[%emt 0:03:27]} e5 {[%emt 0:00:41]} 11. dxe6 {[%emt 0:01:01]} fxe6 {[%emt 0:00:27]} 12. Bxd6 {[%emt 0:01:02]} Re8 {[%emt 0:00:10]} 13. Bg3 {[%emt 0:02:09]} e5 {[%emt 0:00:14]} 14. e4 {[%emt 0:02:33]} Qc7 {[%emt 0:00:43]} 15. Qe2 {[%emt 0:02:28]} Rad8 {[%emt 0:00:07]} 16. Rbd1 {[%emt 0:02:28]} Nf8 {[%emt 0:04:21]} 17. Bc2 {[%emt 0:02:38]} Ne6 {[%emt 0:00:21]} 18. Bxe5 {[%emt 0:03:37]} Qe7 {[%emt 0:00:24]} 19. Bxf6 {[%emt 0:04:51]} Bxf6 {[%emt 0:02:24]} 20. e5 {[%emt 0:00:51]} Bg7 {[%emt 0:00:10]} 21. Rfe1 {[%emt 0:05:13]} Ng5 {[%emt 0:03:52]} 22. Ba4 {[%emt 0:08:59]} Rf8 {[%emt 0:01:59]} 23. Nxg5 {[%emt 0:01:15]} Qxg5 {[%emt 0:00:11]} 24. g3 {[%emt 0:04:42]} Qe7 {[%emt 0:07:22]} 25. f4 {[%emt 0:10:56]} Qf7 {[%emt 0:02:48]} 26. Ne4 {[%emt 0:02:47]} Bxe4 {[%emt 0:00:46]} 27. Qxe4 {[%emt 0:00:19]} Qe7 {[%emt 0:05:26]} 28. Rd5 {[%emt 0:04:43]} Kh8 {[%emt 0:03:16]} 29. Red1 {[%emt 0:00:24]} Qb7 {[%emt 0:04:02]} 30. Qd3 {[%emt 0:02:14]} 1-0

[Event "FIDE Open Sachove Univerzity QCC"]
[Site "Ceske Budejovice"]
[Date "2020.07.03"]
[Round "3.4"]
[White "Matlocha, Lubomir"]
[Black "Simacek, Vaclav"]
[Result "1/2-1/2"]
[WhiteElo "1646"]
[BlackElo "1816"]
[Annotator "NA RC"]
[PlyCount "119"]
[EventDate "2020.07.01"]
[EventType "swiss"]
[EventCountry "CZE"]
[SourceTitle "playchess.com"]
[Source "ChessBase"]
[SourceQuality "1"]
[TimeControl "40/5400+30:1800+30"]

{[%evp 8,119,31,32767,37,14,58,32767,39,32767,3,32767,32767,-27,-33,32767,32767,32767,32767,-28,-11,-8,0,0,32767,-6,0,32767,32767,32767,32767,32767,32767,21,15,32767,32767,32767,90,32767,32767,32767,32767,32767,32767,32767,32767,32767,32767,233,32767,32767,32767,32767,32767,32767,32767,32767,32767,32767,32767,32767,32767,32767,32767,32767,32767,32767,32767,32767,32767,32767,32767,32767,32767,32767,32767,32767,32767,32767,139,61,75,0,376,130,112,109,127,100,271,289,279,0,189,43,62,45,60,0,257,414,266,379,425,560,32767,224,237,254,289,0,0,0]} 1. d4 {[%emt 0:00:00]} Nf6 {[%emt 0:05:24]} 2. c4 {[%emt 0:00:29]} c5 {[%emt 0:00:09]} 3. e3 {[%emt 0:00:33]} cxd4 {[%emt 0:02:00]} 4. exd4 {[%emt 0:00:01]} d5 {[%emt 0:00:27]} 5. Nc3 {[%emt 0:01:47]} dxc4 {[%emt 0:01:38]} 6. Bxc4 {[%emt 0:00:02] B13: Caro-Kann: Exchange Variation and Panov-Botvinnik Attack.} Nc6 {[%emt 0:00:13]} 7. Nge2 {[%emt 0:03:39]} g6 {[%emt 0:06:17] [#]} 8. a3 $146 {[%emt 0:04:30]} ({Predecessor:} 8. O-O Bg7 9. Bf4 O-O 10. Re1 e6 11. d5 exd5 12. Nxd5 Nxd5 13. Qxd5 Qxd5 14. Bxd5 {½-½ (22) Fernandez,G-Hanson,A LSS email 2007}) 8... Bg7 {[%emt 0:00:32]} 9. O-O {[%emt 0:01:03]} O-O {[%emt 0:00:04]} 10. Be3 {[%emt 0:10:54]} Ng4 {[%emt 0:06:14]} 11. h3 {[%emt 0:13:35]} Nxe3 {[%emt 0:01:30]} 12. fxe3 {[%emt 0:00:02]} a6 {[%emt 0:04:32]} 13. b4 {[%emt 0:03:32]} b5 {[%emt 0:02:18]} 14. Bd5 {[%emt 0:04:16]} Bb7 {[%emt 0:00:21]} 15. Qb3 {[%emt 0:02:42]} e6 {[%emt 0:02:08]} 16. Bf3 $1 {[%emt 0:00:41]} Rb8 {[%emt 0:02:10]} 17. Ne4 {[%emt 0:08:11]} Ne7 {[%emt 0:06:29]} 18. Nc5 {[%emt 0:06:01]} Bxf3 {[%emt 0:00:58]} 19. Rxf3 {[%emt 0:00:54]} Rb6 {[%emt 0:03:01]} 20. Rd1 {[%emt 0:02:49]} Nf5 {[%emt 0:09:26]} 21. d5 {[%emt 0:17:44]} e5 {[%emt 0:09:31]} 22. Nc3 {[%emt 0:02:09]} Nd6 {[%emt 0:04:27]} 23. N3e4 {[%emt 0:02:33]} Nc4 {[%emt 0:08:53]} 24. a4 {[%emt 0:01:53]} Qc8 {[%emt 0:07:50]} 25. a5 {[%emt 0:02:35]} Rb8 {[%emt 0:00:11]} 26. Nd2 {[%emt 0:01:26]} Nd6 {[%emt 0:03:16]} 27. Rff1 {[%emt 0:00:50]} f5 {[%emt 0:00:52] [#]} 28. Rc1 $1 {[%emt 0:00:22]} Rf7 {[%emt 0:03:50]} 29. Ne6 {[%emt 0:00:33]} Qb7 {[%emt 0:01:35]} 30. Rc6 {[%emt 0:00:24]} Nc4 {[%emt 0:02:15]} 31. Nxc4 {[%emt 0:01:46]} bxc4 {[%emt 0:00:06]} 32. Qxc4 {[%emt 0:00:20]} Qxb4 {[%emt 0:00:13]} 33. Qxb4 {[%emt 0:00:26]} Rxb4 {[%emt 0:00:05]} 34. Rxa6 {[%emt 0:00:14]} Rfb7 {[%emt 0:01:28]} 35. Ra8+ {[%emt 0:01:36]} Rb8 {[%emt 0:00:18]} 36. Rxb8+ {[%emt 0:00:07]} Rxb8 {[%emt 0:00:04]} 37. Rc1 {[%emt 0:00:25]} Bf6 {[%emt 0:00:29]} 38. Rc6 {[%emt 0:00:43]} e4 {[%emt 0:02:00]} 39. Rb6 {[%emt 0:01:02]} Rc8 {[%emt 0:00:36]} 40. Rb1 {[%emt 0:02:03]} Ra8 {[%emt 0:00:49]} 41. Rb5 {[%emt 0:31:09]} Be5 {[%emt 0:32:20]} 42. Kf1 {[%emt 0:02:43]} Kf7 {[%emt 0:00:00]} 43. Nc5 {[%emt 0:00:00]} Ke7 {[%emt 0:00:00]} 44. a6 {[%emt 0:00:00]} (44. Nb7 $18) 44... Kd6 {[%emt 0:00:00]} 45. Nb7+ {[%emt 0:00:00]} (45. Ra5 $16) 45... Kd7 $2 {[%emt 0:00:00]} (45... Kc7 $11 {and Black is okay.}) 46. Ra5 $2 {[%emt 0:00:00]} (46. Rb6 $18 {has better winning chances.}) 46... Bc7 {[%emt 0:00:00]} 47. Ra2 {[%emt 0:00:00]} Bb6 {[%emt 0:00:00]} 48. Ke2 {[%emt 0:00:00]} Ba7 {[%emt 0:00:00]} 49. Rc2 {[%emt 0:00:00]} Bb6 {[%emt 0:00:00]} 50. Ra2 $2 {[%emt 0:00:00]} ({White has to play} 50. Rc6 $18 Ba7 51. g4) 50... Ba7 {[%emt 0:00:00]} 51. Ra3 {[%emt 0:00:00]} (51. Rb2 $18) 51... Rc8 $1 {[%emt 0:00:00]} 52. Kd2 {[%emt 0:00:00]} Rc4 {[%emt 0:00:00]} 53. Na5 {[%emt 0:00:00]} ({White should try} 53. Ra5 $14) 53... Rc7 $2 {[%emt 0:00:00]} (53... Rc5 $11 {and Black has nothing to worry.}) 54. Nc6 {[%emt 0:00:00]} Kd6 {[%emt 0:00:00]} 55. Ra5 {[%emt 0:00:00]} g5 {[%emt 0:00:00]} 56. g3 {[%emt 0:00:00]} h5 {[%emt 0:00:00]} 57. Ra1 {[%emt 0:00:00]} (57. h4 $142) 57... Kxd5 {[%emt 0:00:00]} 58. Nxa7 {[%emt 0:00:00]} Rxa7 {[%emt 0:00:00]} 59. Ra5+ $2 {[%emt 0:00:00]} (59. Kc3 $18) 59... Kc4 $1 {[%emt 0:00:27]} 60. Ra1 $11 {[%emt 0:01:37]} 1/2-1/2

[Event "FIDE Open Sachove Univerzity QCC"]
[Site "Ceske Budejovice"]
[Date "2020.07.03"]
[Round "3.4"]
[White "Dudkova, Josefina"]
[Black "Predota, Vit"]
[Result "1-0"]
[WhiteElo "1447"]
[BlackElo "1233"]
[Annotator "NA RC"]
[PlyCount "103"]
[EventDate "2020.07.01"]
[EventType "swiss"]
[EventCountry "CZE"]
[SourceTitle "playchess.com"]
[Source "ChessBase"]
[SourceQuality "1"]
[TimeControl "40/5400+30:1800+30"]

1. e4 {[%emt 0:00:00]} e5 {[%emt 0:00:00]} 2. Nc3 {[%emt 0:00:00]} Nf6 {[%emt 0:00:00]} 3. Bc4 {[%emt 0:00:00]} Nc6 {[%emt 0:00:02]} 4. d3 {[%emt 0:00:05]} Bc5 {[%emt 0:00:36]} 5. Bg5 {[%emt 0:00:43]} Bd4 {[%emt 0:00:42]} 6. Qd2 {[%emt 0:05:08]} h6 {[%emt 0:01:23]} 7. Bh4 {[%emt 0:00:26]} g5 {[%emt 0:00:53]} 8. Bg3 {[%emt 0:00:30]} Nh5 {[%emt 0:01:20]} 9. Nge2 {[%emt 0:03:12]} Nxg3 {[%emt 0:02:15]} 10. fxg3 {[%emt 0:00:47]} d6 {[%emt 0:02:46]} 11. Rf1 {[%emt 0:03:55]} Rf8 {[%emt 0:01:16]} 12. Nxd4 {[%emt 0:01:48]} Nxd4 {[%emt 0:00:17]} 13. Nd5 {[%emt 0:02:17]} f5 {[%emt 0:02:55]} 14. c3 {[%emt 0:06:51]} c6 {[%emt 0:01:36]} 15. Ne3 {[%emt 0:06:48]} b5 {[%emt 0:02:23]} 16. cxd4 {[%emt 0:02:07]} bxc4 {[%emt 0:01:02]} 17. dxc4 {[%emt 0:02:46]} f4 {[%emt 0:00:54]} 18. gxf4 {[%emt 0:02:01]} exd4 {[%emt 0:02:24]} 19. Nc2 {[%emt 0:12:49]} c5 {[%emt 0:03:16]} 20. g3 {[%emt 0:09:56]} Rb8 {[%emt 0:05:54]} 21. b3 {[%emt 0:03:30]} Qe7 {[%emt 0:04:25]} 22. Qe2 {[%emt 0:03:18]} gxf4 {[%emt 0:07:50]} 23. Rxf4 {[%emt 0:01:45]} Rxf4 {[%emt 0:00:43]} 24. gxf4 {[%emt 0:00:17]} d3 {[%emt 0:09:15]} 25. Qxd3 {[%emt 0:05:32]} Bf5 {[%emt 0:01:31]} 26. O-O-O {[%emt 0:02:38]} Bxe4 {[%emt 0:02:34]} 27. Qxd6 {[%emt 0:00:50]} Bxc2 {[%emt 0:01:15]} 28. Qxe7+ {[%emt 0:00:11]} Kxe7 {[%emt 0:00:22]} 29. Kxc2 {[%emt 0:00:05]} Ke6 {[%emt 0:00:51]} 30. Rd5 {[%emt 0:00:18]} Rf8 {[%emt 0:01:40]} 31. Rxc5 {[%emt 0:03:33]} Rxf4 {[%emt 0:00:32]} 32. Rc6+ {[%emt 0:00:17]} Ke5 {[%emt 0:00:27]} 33. Rxh6 {[%emt 0:00:12]} Kd4 {[%emt 0:00:16]} 34. Kb2 {[%emt 0:02:56]} a5 {[%emt 0:00:30]} 35. Ka3 {[%emt 0:01:12]} Kc5 {[%emt 0:01:05]} 36. Rh5+ {[%emt 0:00:39]} Kb6 {[%emt 0:00:13]} 37. Ka4 {[%emt 0:00:57]} Rf2 {[%emt 0:00:19]} 38. a3 {[%emt 0:00:23]} Ra2 {[%emt 0:00:41]} 39. h4 {[%emt 0:00:32]} Rh2 {[%emt 0:01:51]} 40. c5+ {[%emt 0:00:44]} Ka6 {[%emt 0:03:15]} 41. Rh6+ {[%emt 0:30:13]} Kb7 {[%emt 0:30:14]} 42. Kxa5 {[%emt 0:00:08]} Rh3 {[%emt 0:00:22]} 43. Ka4 {[%emt 0:00:30]} Re3 {[%emt 0:00:25]} 44. b4 {[%emt 0:00:26]} Kc7 {[%emt 0:00:25]} 45. b5 {[%emt 0:00:34]} Kb7 {[%emt 0:00:09]} 46. Rh7+ {[%emt 0:01:11]} Kb8 {[%emt 0:00:17]} 47. h5 {[%emt 0:00:31]} Re4+ {[%emt 0:00:12]} 48. Ka5 {[%emt 0:00:16]} Rc4 {[%emt 0:00:25]} 49. c6 {[%emt 0:00:23]} Rc5 {[%emt 0:00:30]} 50. Kb6 {[%emt 0:01:04]} Rxc6+ {[%emt 0:00:34]} 51. bxc6 {[%emt 0:00:15]} Kc8 {[%emt 0:00:20]} 52. Rh8# 1-0